Sports Quiz

Random Sports or NFL Quiz

Top 5 NFL players All-time in each category Quiz Stats

 Plays Quiz not verified by Sporcle

Score 0/40 Timer 10:00
0 Plays Today
Hint Answer % Correct
2 passing yardsPeyton Manning
94.3%
2 pass attemptsPeyton Manning
94.3%
1 passing yardsBrett Favre
92.9%
1 pass attemptsBrett Favre
92.9%
3 passing yardsDan Marino
90%
3 pass attemptsDan Marino
90%
1 rushing yardsEmmitt Smith
90%
Sack leaderBruce Smith
90%
1 receiving yardsJerry Rice
82.9%
3 rushing yardsBarry Sanders
77.1%
4 single season rushing leadersBarry Sanders
77.1%
2 rushing yardsWalter Payton
72.9%
4 passing yardsJohn Elway
67.1%
4 pass attemptsJohn Elway
67.1%
2 sacksReggie White
67.1%
1 single season rushing yardsEric Dickerson
65.7%
3 receiving yardsRandy Moss
62.9%
2 single season rushing leadersAdrian Peterson
61.4%
3 single season rushing leadersJamal Lewis
60%
5 single season rushing leadersTerrell Davis
54.3%
Hint Answer % Correct
5 passing yardsDrew Brees
51.4%
2 receiving yardsTerrell Owens
51.4%
5 sacksMichael Strahan
48.6%
Most games playedMorten Anderson
48.6%
2nd most games playedGary Anderson
48.6%
3 interceptionsRod Woodson
47.1%
4 rushing yardsCurtis Martin
44.3%
4 interceptionsNight Trane Lane
37.1%
5 pass attemptsWarren Moon
34.3%
3 sacksKevin Greene
34.3%
4 receiving yardsIsaac Bruce
30%
5 receiving yardsTony Gonzalez
28.6%
4th most games playedGeorge Blanda
25.7%
1 interceptionsPaul Krause
24.3%
5 rushing yardsLaDainian Tomlinson
18.6%
5th most games playedJason Hanson
12.9%
4 sacksChris Doleman
10%
2 interceptionsEmlen Tunnell
10%
3rd most games playedJeff Feagles
7.1%
5 interceptionsKen Riley
5.7%

You're not logged in!

Compare scores with friends on all Sporcle quizzes.
OR
Log In

Show Comments

Extras

Created Apr 25, 2014ReportNominate
Tags:NFL Quiz, category, player

Top Quizzes Today


Score Distribution

Your Account Isn't Verified!

In order to create a playlist on Sporcle, you need to verify the email address you used during registration. Go to your Sporcle Settings to finish the process.

Report this User

Report this user for behavior that violates our Community Guidelines.

Details: